Marketing a trh periodík
Dôvody počiatočného odmietania marketingu v periodikách. Marketing periodík vo vzťahu k inzerentom.
Na minha lista:
| Autor principal: | |
|---|---|
| Formato: | Capítulo de Livro |
| Idioma: | eslovaco |
| Assuntos: | |
| Tags: |
Sem tags, seja o primeiro a adicionar uma tag!
|
MARC
| LEADER | 00000naa a2200000 4500 | ||
|---|---|---|---|
| 001 | r049077 | ||
| 005 | 20231004100843.7 | ||
| 041 | 0 | |a slo | |
| 044 | |a CZ | ||
| 245 | 1 | 0 | |a Marketing a trh periodík |c Dagmar Lesáková |
| 520 | |a Dôvody počiatočného odmietania marketingu v periodikách. Marketing periodík vo vzťahu k inzerentom. | ||
| 610 | 2 | 0 | |a marketing |
| 610 | 2 | 0 | |a periodiká |
| 610 | 2 | 0 | |a trh |
| 610 | 2 | 0 | |a riadenie |
| 610 | 2 | 0 | |a inzercia |
| 610 | 2 | 0 | |a médiá |
| 610 | 2 | 0 | |a stratégia marketingová |
| 610 | 2 | 0 | |a stratégia obchodná |
| 100 | 1 | |a Lesáková, Dagmar, 1949- | |